[Event "Play for Durgesh Fundraiser Blitz"]
[Site "Vishy Anand Arena"]
[Date "2020.09.19"]
[Round "4"]
[White "Naga jaswanth"]
[Black "Shivakrishna1990"]
[Result "0-1"]
[WhiteElo "1407"]
[BlackElo "1659"]
[Annotator "NA"]
[PlyCount "116"]
[EventDate "2020.09.19"]
[EventType "swiss (blitz)"]

1. e4 e5 2. Nf3 Nc6 3. Bc4 Nf6 4. Nc3 Bc5 5. d3 O-O 6. Be3 Bxe3 7. fxe3 d6 8. Nd5 Bg4 9. Nxf6+ Qxf6 10. h3 Bxf3 11. Qxf3 Qxf3 12. gxf3 Na5 13. Bb3 Nxb3 14. axb3 f5 15. exf5 Rxf5 16. Rf1 Raf8 17. Rxa7 Rxf3 18. Rxf3 Rxf3 19. Rxb7 Rxe3+ 20. Kd2 Rxh3 21. Rxc7 Rh6 22. Rc6 Kf7 23. Rc7+ Kf6 24. Rc6 Ke6 25. Rc7 g5 26. Rg7 Kf6 27. Rd7 Kf5 28. Rf7+ Ke6 29. Rg7 Rh2+ 30. Kc3 h6 31. Rg6+ Kd5 32. b4 g4 33. Rxg4 h5 34. Rg6 h4 35. Rh6 h3 36. b5 Kc5 37. b6 Kxb6 38. Rxd6+ Kc5 39. Rh6 Rh1 40. b4+ Kb5 41. Rh5 Ka4 42. Rxe5 h2 43. Rh5 Ka3 44. d4 Ka4 45. d5 Kb5 46. d6+ Kc6 47. Rh6 Kd7 48. b5 Rd1 49. b6 h1=Q 50. Rxh1 Rxh1 51. b7 Rb1 52. b8=Q Rxb8 53. Kd3 Kxd6 54. Kd2 Kd5 55. Kc1 Kc4 56. c3 Kxc3 57. Kd1 Re8 58. Kc1 Re1# 0-1

[Event "Play for Durgesh Fundraiser Blitz"]
[Site "Vishy Anand Arena"]
[Date "2020.09.19"]
[Round "4"]
[White "Believe1996"]
[Black "nachikethv"]
[Result "1-0"]
[WhiteElo "1401"]
[BlackElo "1699"]
[Annotator "NA"]
[PlyCount "51"]
[EventDate "2020.09.19"]
[EventType "swiss (blitz)"]

1. d4 Nf6 2. c4 e5 3. dxe5 Ng4 4. Nf3 d6 5. h3 Nxe5 6. Nxe5 dxe5 7. Qxd8+ Kxd8 8. Nc3 Bb4 9. Bd2 Nc6 10. O-O-O Bxc3 11. Bxc3+ Bd7 12. g3 Nb8 13. Bg2 c6 14. Bxe5 Na6 15. Bxg7 Rg8 16. Bf6+ Kc7 17. Rd2 Rae8 18. Rhd1 Nc5 19. b4 Ne6 20. Rxd7+ Kc8 21. Rxf7 Rg6 22. Bh4 Nd8 23. Rdd7 Kb8 24. Bxd8 Ka8 25. Rxb7 Rxd8 26. Bxc6 1-0

[Event "Play for Durgesh Fundraiser Blitz"]
[Site "Vishy Anand Arena"]
[Date "2020.09.19"]
[Round "4"]
[White "Kiruthi"]
[Black "Arjunkhandelwal"]
[Result "0-1"]
[WhiteElo "1401"]
[BlackElo "1551"]
[Annotator "NA"]
[PlyCount "136"]
[EventDate "2020.09.19"]
[EventType "swiss (blitz)"]

1. c4 e5 2. e4 Nf6 3. d3 d6 4. b3 Nc6 5. Bb2 Be6 6. Nf3 Be7 7. Nc3 Qd7 8. Nd5 O-O 9. Be2 a6 10. O-O b5 11. a3 bxc4 12. bxc4 Rfb8 13. Rb1 Bg4 14. h3 Be6 15. Nh2 Nd8 16. f4 c6 17. fxe5 dxe5 18. Nxe7+ Qxe7 19. Bxe5 Rxb1 20. Qxb1 Qxa3 21. Bxf6 gxf6 22. Rxf6 Qe7 23. Qf1 Rb8 24. Ng4 Bxg4 25. Bxg4 Rb1 26. Qxb1 Qxf6 27. Qb6 Kg7 28. Qxa6 Qd4+ 29. Kh2 Qxd3 30. Qb6 Qd6+ 31. g3 Qd2+ 32. Kg1 Qe1+ 33. Kg2 Qxe4+ 34. Bf3 Qc2+ 35. Qf2 Qxc4 36. h4 Qe6 37. Bh5 Qd5+ 38. Kh3 Qd7+ 39. Bg4 Qe7 40. h5 Ne6 41. Bf5 Ng5+ 42. Kg4 h6 43. Bd3 Qb4+ 44. Qf4 Qxf4+ 45. gxf4 Ne6 46. Bc4 Kf6 47. f5 Nd4 48. Kf4 c5 49. Bd3 Nc6 50. Bc4 Nb4 51. Bd5 Nxd5+ 52. Ke4 Kg5 53. Kd3 Kxf5 54. Kc4 Kg5 55. Kxc5 Kxh5 56. Kxd5 Kg5 57. Ke5 h5 58. Ke4 Kg4 59. Ke3 Kg3 60. Ke2 Kg2 61. Ke3 h4 62. Kf4 h3 63. Kf5 h2 64. Kf6 h1=Q 65. Kxf7 Qf1+ 66. Kg7 Qa6 67. Kg8 Qb7 68. Kh8 Kg3 0-1

[Event "Play for Durgesh Fundraiser Blitz"]
[Site "Vishy Anand Arena"]
[Date "2020.09.19"]
[Round "4"]
[White "Ritvik1705"]
[Black "Ragavesh"]
[Result "0-1"]
[WhiteElo "1392"]
[BlackElo "1677"]
[Annotator "NA"]
[PlyCount "106"]
[EventDate "2020.09.19"]
[EventType "swiss (blitz)"]

1. d4 f5 2. Bf4 Nf6 3. Nf3 e6 4. e3 d6 5. Nc3 Be7 6. Bd3 h6 7. e4 fxe4 8. Nxe4 O-O 9. O-O Nc6 10. Re1 Nxe4 11. Bxe4 Bf6 12. c3 Kh8 13. Bxc6 bxc6 14. Rc1 Rb8 15. b4 Re8 16. a3 Rf8 17. Rc2 Bd7 18. h3 c5 19. dxc5 Ba4 20. Rxe6 Bxc2 21. Qxc2 dxc5 22. Rc6 Qd5 23. Rxc5 Qe6 24. Bxc7 Rbc8 25. Ba5 Rxc5 26. bxc5 Rc8 27. Nd4 Qd5 28. Bb4 a5 29. Bxa5 Qxc5 30. Bb4 Qc4 31. Nf5 Bxc3 32. Bxc3 Qxc3 33. Qxc3 Rxc3 34. a4 Ra3 35. g4 Rxa4 36. Kg2 Kh7 37. f3 g5 38. Ne7 Kg7 39. Nf5+ Kg6 40. Kg3 Ra1 41. h4 Rh1 42. hxg5 hxg5 43. Ne7+ Kf6 44. Nd5+ Ke5 45. Ne7 Rg1+ 46. Kf2 Ra1 47. Ng6+ Kd4 48. f4 gxf4 49. Nxf4 Ke4 50. Kg3 Ra3+ 51. Kh4 Kxf4 52. g5 Kf5 53. Kh5 Rh3# 0-1

[Event "Play for Durgesh Fundraiser Blitz"]
[Site "Vishy Anand Arena"]
[Date "2020.09.19"]
[Round "4"]
[White "aaryan jogalekar"]
[Black "Tejesh Reddy"]
[Result "1-0"]
[WhiteElo "1380"]
[BlackElo "1379"]
[Annotator "NA"]
[PlyCount "43"]
[EventDate "2020.09.19"]
[EventType "swiss (blitz)"]

1. e4 e5 2. Nf3 Nc6 3. Bb5 Nf6 4. Nc3 a6 5. Bxc6 bxc6 6. Nxe5 Bd6 7. Nd3 O-O 8. O-O c5 9. Qf3 c4 10. Nf4 Bxf4 11. Qxf4 Nh5 12. Qg4 Nf6 13. Qh3 d5 14. Qf3 dxe4 15. Nxe4 Nxe4 16. Qxe4 Rb8 17. Qf3 Bb7 18. Qg3 h5 19. d3 h4 20. Qg4 cxd3 21. Bh6 f5 22. Qxg7# 1-0

[Event "Play for Durgesh Fundraiser Blitz"]
[Site "Vishy Anand Arena"]
[Date "2020.09.19"]
[Round "4"]
[White "maddy_ducky"]
[Black "Adit pushan"]
[Result "1-0"]
[WhiteElo "1362"]
[BlackElo "1654"]
[Annotator "NA"]
[PlyCount "133"]
[EventDate "2020.09.19"]
[EventType "swiss (blitz)"]

1. e4 c5 2. c3 Nf6 3. e5 Nd5 4. d4 cxd4 5. Nf3 dxc3 6. Qxd5 e6 7. Qd1 cxb2 8. Bxb2 Bb4+ 9. Bc3 Be7 10. Bd3 Nc6 11. O-O b6 12. Re1 Bb7 13. Nbd2 Rc8 14. Bb2 Nb4 15. Be4 Ba6 16. a3 Nd3 17. Bxd3 Bxd3 18. Ne4 Ba6 19. Nd6+ Bxd6 20. exd6 f6 21. Nh4 Bb7 22. Qh5+ Kf8 23. Ng6+ hxg6 24. Qxh8+ Kf7 25. Qxd8 Rxd8 26. Rac1 Bc6 27. Re3 Rh8 28. Rec3 e5 29. Rxc6 dxc6 30. Rxc6 Ke6 31. Rc7 Rd8 32. d7 a6 33. a4 Kd6 34. Ra7 a5 35. Ba3+ Kc6 36. Be7 Rxd7 37. Rxd7 Kxd7 38. Bf8 b5 39. axb5 Ke8 40. Ba3 Kd7 41. f3 Kc7 42. Bc5 a4 43. Kf2 a3 44. Bxa3 Kb6 45. Bf8 Kxb5 46. Bxg7 Kc6 47. Bxf6 Kd5 48. Ke3 Ke6 49. Bg5 Kf5 50. Bd8 g5 51. g4+ Ke6 52. Ke4 Kd6 53. Bxg5 Ke6 54. h4 Kf7 55. h5 Kg7 56. Kxe5 Kh7 57. f4 Kg7 58. f5 Kf7 59. h6 Kg8 60. f6 Kh8 61. Ke6 Kh7 62. f7 Kg6 63. f8=Q Kxg5 64. h7 Kxg4 65. h8=Q Kg5 66. Qff6+ Kg4 67. Qhh4# 1-0

[Event "Play for Durgesh Fundraiser Blitz"]
[Site "Vishy Anand Arena"]
[Date "2020.09.19"]
[Round "4"]
[White "Dhruvika"]
[Black "Yutikareddi"]
[Result "0-1"]
[WhiteElo "1339"]
[BlackElo "1462"]
[Annotator "NA"]
[PlyCount "36"]
[EventDate "2020.09.19"]
[EventType "swiss (blitz)"]

1. e4 e5 2. Nf3 Nc6 3. Nc3 Nf6 4. Bc4 Bc5 5. Bxf7+ Kf8 6. O-O d6 7. d3 Bxf2+ 8. Rxf2 d5 9. exd5 Ng4 10. Re2 Qf6 11. Qd2 Qxf7 12. Re1 Qh5 13. h3 Nf6 14. Kh1 Bxh3 15. gxh3 Qxh3+ 16. Kg1 Ng4 17. Qd1 Qg3+ 18. Kf1 Qf2# 0-1

[Event "Play for Durgesh Fundraiser Blitz"]
[Site "Vishy Anand Arena"]
[Date "2020.09.19"]
[Round "4"]
[White "Chess chess"]
[Black "DrVykterstein"]
[Result "1-0"]
[WhiteElo "1331"]
[BlackElo "1502"]
[Annotator "NA"]
[PlyCount "89"]
[EventDate "2020.09.19"]
[EventType "swiss (blitz)"]

1. d4 Nf6 2. c4 g6 3. Nc3 d6 4. e3 Bg7 5. Nf3 O-O 6. Be2 Nc6 7. O-O e5 8. dxe5 dxe5 9. Qxd8 Rxd8 10. Rd1 Bg4 11. b3 e4 12. Nd4 Nxd4 13. exd4 Bxe2 14. Nxe2 Nh5 15. Bb2 c5 16. Rac1 Rd7 17. Rd2 Rad8 18. Rcd1 Bf6 19. h3 Ng7 20. d5 Bxb2 21. Rxb2 Ne8 22. Ng3 f5 23. Re2 Nc7 24. Nf1 Na6 25. Nd2 Nb4 26. a3 Nd3 27. Nb1 b6 28. Nc3 a6 29. Na4 b5 30. cxb5 axb5 31. Nc3 b4 32. axb4 cxb4 33. Na4 Rxd5 34. Rc2 R8d7 35. Nb6 R7d6 36. Nxd5 Rxd5 37. Rc8+ Kf7 38. Kh2 Rd4 39. Rc7+ Kg8 40. Rd2 Rd8 41. Rdc2 Rf8 42. Rd7 Re8 43. Rcc7 h5 44. Rg7+ Kf8 45. Rcf7# 1-0

[Event "Play for Durgesh Fundraiser Blitz"]
[Site "Vishy Anand Arena"]
[Date "2020.09.19"]
[Round "4"]
[White "Hmota"]
[Black "Karthik12"]
[Result "1-0"]
[WhiteElo "1329"]
[BlackElo "1620"]
[Annotator "NA"]
[PlyCount "55"]
[EventDate "2020.09.19"]
[EventType "swiss (blitz)"]

1. e4 e5 2. Qh5 Nc6 3. Nf3 g6 4. Qg5 Qxg5 5. Nxg5 Nh6 6. d3 Nd4 7. Kd2 Ng4 8. Nh3 d5 9. f3 Nh6 10. c3 Nc6 11. exd5 Bxh3 12. gxh3 Na5 13. b4 Bxb4 14. cxb4 b6 15. bxa5 bxa5 16. Ba3 Nf5 17. Nc3 Rb8 18. Be2 c5 19. Rab1 O-O 20. Rxb8 Rxb8 21. Bxc5 Rb2+ 22. Ke1 Rc2 23. Ne4 Rc1+ 24. Bd1 Ra1 25. Nc3 Nh4 26. Ke2 Rc1 27. Kd2 Ra1 28. Re1 1-0

[Event "Play for Durgesh Fundraiser Blitz"]
[Site "Vishy Anand Arena"]
[Date "2020.09.19"]
[Round "4"]
[White "Shashank N D"]
[Black "Chess_king123"]
[Result "1-0"]
[WhiteElo "1326"]
[BlackElo "1535"]
[Annotator "NA"]
[PlyCount "101"]
[EventDate "2020.09.19"]
[EventType "swiss (blitz)"]

1. e4 d5 2. exd5 Nf6 3. Nc3 e6 4. dxe6 Bxe6 5. Nf3 Nc6 6. Bb5 Bd6 7. Bxc6+ bxc6 8. d3 Qd7 9. O-O O-O 10. Re1 Bg4 11. Bg5 Nd5 12. Nxd5 cxd5 13. h3 f6 14. Be3 Bh5 15. a3 Rfe8 16. Qe2 Rab8 17. Rab1 Rb7 18. Red1 Reb8 19. b4 Qa4 20. Ra1 Bxf3 21. Qxf3 Qxc2 22. Qxd5+ Kh8 23. Rac1 Qa4 24. Re1 Qxa3 25. Bf4 Qxb4 26. Bxd6 Qxd6 27. Qxb7 Rg8 28. Qxa7 Qxd3 29. Qxc7 Qd2 30. Rcd1 Qh6 31. Rd8 g6 32. Rxg8+ Kxg8 33. Qd8+ Qf8 34. Qxf8+ Kxf8 35. Kh2 Kf7 36. Kg3 g5 37. h4 Kg6 38. hxg5 Kxg5 39. f4+ Kg6 40. Re3 Kf5 41. Rf3 Kg6 42. Kh3 f5 43. g4 Kf6 44. gxf5 Kxf5 45. Kh4 Kg6 46. Kg4 Kh6 47. f5 Kg7 48. f6+ Kg6 49. f7 Kh6 50. f8=Q+ Kg6 51. Qf6# 1-0

[Event "Play for Durgesh Fundraiser Blitz"]
[Site "Vishy Anand Arena"]
[Date "2020.09.19"]
[Round "4"]
[White "AdeepKumar"]
[Black "Pratul Rastogi"]
[Result "0-1"]
[WhiteElo "1323"]
[BlackElo "1359"]
[Annotator "NA"]
[PlyCount "54"]
[EventDate "2020.09.19"]
[EventType "swiss (blitz)"]

1. d4 e5 2. e3 Nc6 3. Nf3 exd4 4. exd4 Nf6 5. Nc3 g6 6. Bd3 Bg7 7. Be3 O-O 8. O-O Re8 9. Bc4 d5 10. Bd3 Ne4 11. Bxe4 dxe4 12. Nd2 Bf5 13. d5 Nb4 14. a3 Nxd5 15. Nxd5 Qxd5 16. c4 Qd8 17. Qa4 c6 18. Rac1 b5 19. cxb5 cxb5 20. Qxb5 Rb8 21. Qa6 Bxb2 22. Rc2 Be5 23. Nc4 Bc7 24. Nd2 Rb6 25. Qxa7 Rb7 26. Qxb7 Qd6 27. Nc4 Qxh2# 0-1

[Event "Play for Durgesh Fundraiser Blitz"]
[Site "Vishy Anand Arena"]
[Date "2020.09.19"]
[Round "4"]
[White "Sidhurajesh"]
[Black "Shubh_2007"]
[Result "0-1"]
[WhiteElo "1310"]
[BlackElo "1906"]
[Annotator "NA"]
[PlyCount "38"]
[EventDate "2020.09.19"]
[EventType "swiss (blitz)"]

1. e4 c5 2. d4 cxd4 3. c3 dxc3 4. Nxc3 Nc6 5. Nf3 d6 6. Bc4 a6 7. e5 dxe5 8. Qxd8+ Nxd8 9. Nd5 Ne6 10. Nxe5 b5 11. Bb3 Bb7 12. O-O Nf6 13. Nxf6+ exf6 14. Re1 fxe5 15. Rxe5 Bd6 16. Re2 O-O 17. Bxe6 fxe6 18. Rxe6 Rae8 19. Rxd6 Re1# 0-1

[Event "Play for Durgesh Fundraiser Blitz"]
[Site "Vishy Anand Arena"]
[Date "2020.09.19"]
[Round "4"]
[White "GIRI_CHESSBASE"]
[Black "RIJUD"]
[Result "0-1"]
[WhiteElo "1290"]
[BlackElo "1118"]
[Annotator "NA"]
[PlyCount "70"]
[EventDate "2020.09.19"]
[EventType "swiss (blitz)"]

1. e4 c5 2. d4 cxd4 3. c3 Nc6 4. cxd4 Nf6 5. Nc3 e6 6. Nf3 d5 7. Bg5 Be7 8. e5 Ne4 9. Bxe7 Qxe7 10. Bb5 Bd7 11. O-O O-O 12. Qe2 a6 13. Bd3 f5 14. Rad1 Be8 15. h3 Bh5 16. Qe3 Bxf3 17. Qxf3 Nxd4 18. Qg3 Nxg3 19. fxg3 Rf7 20. g4 fxg4 21. Rxf7 Qxf7 22. hxg4 Qf4 23. Rf1 Qxg4 24. Kh1 Qh4+ 25. Kg1 Qg5 26. Ne2 Nxe2+ 27. Bxe2 Qxe5 28. Bf3 Rf8 29. b3 Qb2 30. a3 Qxb3 31. Rf2 Qxa3 32. Rf1 Qb2 33. Rf2 Qc1+ 34. Rf1 Qc5+ 35. Rf2 Rc8 0-1

[Event "Play for Durgesh Fundraiser Blitz"]
[Site "Vishy Anand Arena"]
[Date "2020.09.19"]
[Round "4"]
[White "Onkar Charpilwar"]
[Black "Cubing siddanth"]
[Result "1-0"]
[WhiteElo "1282"]
[BlackElo "1382"]
[Annotator "NA"]
[PlyCount "71"]
[EventDate "2020.09.19"]
[EventType "swiss (blitz)"]

1. e4 c5 2. Nf3 d6 3. d4 cxd4 4. Nxd4 Nf6 5. Nc3 g6 6. Be3 Bg7 7. f3 a6 8. Bc4 Nc6 9. Qd2 b5 10. Bb3 Bb7 11. Nd5 Nxd5 12. Bxd5 Qc7 13. Nxc6 Bxc6 14. Bxc6+ Qxc6 15. c3 Rd8 16. Bh6 Bxh6 17. Qxh6 d5 18. O-O Qc5+ 19. Kh1 dxe4 20. fxe4 b4 21. Qg7 Rf8 22. cxb4 Qxb4 23. Rfd1 Rc8 24. h3 Rc2 25. Rd8+ Kxd8 26. Qxf8+ Kd7 27. Rd1+ Ke6 28. Qd8 Qxe4 29. Qb6+ Kf5 30. Rg1 g5 31. Qxa6 g4 32. Qf1+ Kg5 33. Qb5+ Kh6 34. h4 Qe3 35. Qf1 Rxb2 36. Qa6+ 1-0

[Event "Play for Durgesh Fundraiser Blitz"]
[Site "Vishy Anand Arena"]
[Date "2020.09.19"]
[Round "4"]
[White "Iameture123"]
[Black "Vivaan harjani"]
[Result "1-0"]
[WhiteElo "1278"]
[BlackElo "1339"]
[Annotator "NA"]
[PlyCount "41"]
[EventDate "2020.09.19"]
[EventType "swiss (blitz)"]

1. d4 d5 2. c4 c6 3. Nf3 b6 4. b4 dxc4 5. e4 c5 6. bxc5 bxc5 7. Bxc4 cxd4 8. Qxd4 Qxd4 9. Nxd4 Be6 10. O-O Bxc4 11. Nd2 Bxf1 12. Kxf1 e5 13. N4f3 Bb4 14. Nxe5 Bxd2 15. Bxd2 Nf6 16. Rc1 O-O 17. Bb4 Rd8 18. Be7 Rd4 19. Rc8+ Rd8 20. Rxd8+ Ne8 21. Rxe8# 1-0

[Event "Play for Durgesh Fundraiser Blitz"]
[Site "Vishy Anand Arena"]
[Date "2020.09.19"]
[Round "4"]
[White "Harshpatil"]
[Black "Frozen213"]
[Result "1-0"]
[WhiteElo "1266"]
[BlackElo "1620"]
[Annotator "NA"]
[PlyCount "35"]
[EventDate "2020.09.19"]
[EventType "swiss (blitz)"]

1. e4 d5 2. Nf3 dxe4 3. Ng5 Nf6 4. d3 exd3 5. Bxd3 Nc6 6. Nc3 e6 7. Be3 Bd6 8. Nb5 O-O 9. O-O Qe7 10. Qf3 Qd7 11. Qh3 h6 12. Nf3 b6 13. Bxh6 gxh6 14. Qxh6 Qe7 15. Ng5 Bxh2+ 16. Kh1 Bf4 17. g3 Bxg5 18. Qxg5+ 1-0

[Event "Play for Durgesh Fundraiser Blitz"]
[Site "Vishy Anand Arena"]
[Date "2020.09.19"]
[Round "4"]
[White "Bhabnish7"]
[Black "Sonia19861"]
[Result "1-0"]
[WhiteElo "1258"]
[BlackElo "1490"]
[Annotator "NA"]
[PlyCount "103"]
[EventDate "2020.09.19"]
[EventType "swiss (blitz)"]

1. e4 e5 2. Nf3 Nc6 3. Bc4 Bc5 4. c3 Nf6 5. d3 d6 6. O-O h6 7. a4 Be6 8. Bxe6 fxe6 9. Re1 O-O 10. d4 exd4 11. cxd4 Bb4 12. Bd2 Bxd2 13. Qxd2 e5 14. Nc3 exd4 15. Nxd4 Nxd4 16. Qxd4 Qe7 17. Rad1 Rae8 18. f3 Nh5 19. g3 Rxf3 20. Qd5+ Qf7 21. Qxf7+ Rxf7 22. Kg2 Rf2+ 23. Kxf2 Rf8+ 24. Kg2 Nf6 25. Nd5 Nxd5 26. Rxd5 Re8 27. e5 dxe5 28. Rexe5 Rxe5 29. Rxe5 Kf7 30. Kf3 b6 31. Kf4 Kf6 32. a5 g5+ 33. Ke4 c6 34. axb6 axb6 35. Re8 c5 36. Rb8 c4 37. Rxb6+ Kg7 38. Kd4 h5 39. Kc3 h4 40. gxh4 gxh4 41. Kxc4 h3 42. b4 Kf7 43. b5 Ke7 44. Kc5 Kd7 45. Rd6+ Kc7 46. b6+ Kb7 47. Rd7+ Kb8 48. b7 Ka7 49. Kc6 Kb8 50. Rd8+ Ka7 51. b8=Q+ Ka6 52. Qa8# 1-0

[Event "Play for Durgesh Fundraiser Blitz"]
[Site "Vishy Anand Arena"]
[Date "2020.09.19"]
[Round "4"]
[White "SAIPRAKASHREDDY"]
[Black "Harshinianand"]
[Result "0-1"]
[WhiteElo "1236"]
[BlackElo "1572"]
[Annotator "NA"]
[PlyCount "68"]
[EventDate "2020.09.19"]
[EventType "swiss (blitz)"]

1. e4 e5 2. Nc3 Nc6 3. Bc4 Nf6 4. d3 Bc5 5. Nh3 d6 6. Ng5 O-O 7. Nh3 Nd4 8. Be3 Be6 9. Bxe6 fxe6 10. Bxd4 exd4 11. Nb5 c6 12. Nxd6 Qxd6 13. Qf3 Bb4+ 14. c3 dxc3 15. bxc3 Bxc3+ 16. Kd1 Bxa1 17. Ng5 Nd5 18. Qh3 h6 19. Nxe6 Nc3+ 20. Kc2 Rf6 21. Rxa1 Rxe6 22. Kxc3 Rd8 23. Rb1 Qd4+ 24. Kd2 Qxf2+ 25. Kc3 Qd4+ 26. Kd2 Rxe4 27. Qg3 Rg4 28. Qf2 Qxf2+ 29. Kc3 Rxg2 30. Rxb7 Qd2+ 31. Kc4 Qc2+ 32. Kb4 Rg4+ 33. Ka5 Rd5+ 34. Ka6 Qa4# 0-1

[Event "Play for Durgesh Fundraiser Blitz"]
[Site "Vishy Anand Arena"]
[Date "2020.09.19"]
[Round "4"]
[White "Tigerchamp"]
[Black "Sahana007"]
[Result "1-0"]
[WhiteElo "1227"]
[BlackElo "1620"]
[Annotator "NA"]
[PlyCount "87"]
[EventDate "2020.09.19"]
[EventType "swiss (blitz)"]

1. e4 e5 2. Nf3 Nc6 3. Bc4 Nf6 4. Ng5 d5 5. exd5 Nxd5 6. d3 Be7 7. Qf3 Bxg5 8. Bxd5 Bxc1 9. Bxc6+ bxc6 10. Qxc6+ Bd7 11. Qe4 O-O 12. Nd2 Bxb2 13. Rb1 Bd4 14. O-O Rb8 15. Nc4 Qe7 16. Kh1 h6 17. f4 Rfe8 18. fxe5 Bxe5 19. Nxe5 Qxe5 20. Qxe5 Rxe5 21. Rxb8+ Kh7 22. h3 Be6 23. Re8 Rg5 24. Kh2 Bxa2 25. Rxf7 Bxf7 26. Re7 Ba2 27. Rxc7 Ra5 28. d4 Bc4 29. Rxc4 Rd5 30. c3 a5 31. Rc5 Rxc5 32. dxc5 Kg8 33. c6 Kf8 34. c7 Ke7 35. c8=Q a4 36. Qc5+ Kf7 37. Qc4+ Ke7 38. Qxa4 g5 39. c4 h5 40. c5 Kd8 41. c6 Kc7 42. g4 hxg4 43. hxg4 Kc8 44. Qc4 1-0

[Event "Play for Durgesh Fundraiser Blitz"]
[Site "Vishy Anand Arena"]
[Date "2020.09.19"]
[Round "4"]
[White "Govin4475"]
[Black "Aayush NPS"]
[Result "0-1"]
[WhiteElo "1200"]
[BlackElo "1591"]
[Annotator "NA"]
[PlyCount "76"]
[EventDate "2020.09.19"]
[EventType "swiss (blitz)"]

1. Nf3 d5 2. g3 Nc6 3. Bg2 e6 4. d3 Nf6 5. Nbd2 e5 6. e4 d4 7. Bf1 Bg4 8. Bg2 Bb4 9. O-O Bd6 10. c3 Qd7 11. Re1 Qd8 12. h3 Bxf3 13. Nxf3 O-O 14. Nh2 Qe7 15. Ng4 Nxg4 16. Qxg4 g6 17. Bg5 Qe6 18. Qxe6 fxe6 19. Re3 dxe3 20. fxe3 Bc5 21. Bh6 Bxe3+ 22. Kh2 Rf2 23. Bxe3 Re2 24. Bh6 Ne7 25. Bg5 Kf7 26. Rf1+ Nf5 27. exf5 exf5 28. Kh1 Rxb2 29. Bd5+ Kg7 30. d4 e4 31. Bf4 c6 32. Bb3 b6 33. Be5+ Kh6 34. h4 g5 35. hxg5+ Kxg5 36. Bf4+ Kf6 37. Be5+ Kg5 38. Bf4+ Kg4 0-1

[Event "Play for Durgesh Fundraiser Blitz"]
[Site "Vishy Anand Arena"]
[Date "2020.09.19"]
[Round "4"]
[White "Vishykrish"]
[Black "Nisanth2107"]
[Result "0-1"]
[WhiteElo "1171"]
[BlackElo "1639"]
[Annotator "NA"]
[PlyCount "96"]
[EventDate "2020.09.19"]
[EventType "swiss (blitz)"]

1. d4 Nf6 2. Nf3 d5 3. Nc3 Nc6 4. Bf4 Bf5 5. Nh4 Bg6 6. Nxg6 hxg6 7. e3 a6 8. Bd3 e6 9. a4 Bb4 10. b3 Bxc3+ 11. Ke2 Bxa1 12. Qxa1 Nh5 13. Bg3 Nxg3+ 14. hxg3 Rxh1 15. Qxh1 Qe7 16. Qh8+ Qf8 17. Qh4 f6 18. e4 dxe4 19. Bxe4 Nxd4+ 20. Ke3 Nf5+ 21. Bxf5 exf5 22. Kf3 Kd8 23. Qd4+ Qd6 24. Qc4 Qc6+ 25. Qxc6 bxc6 26. Kf4 Kd7 27. Kf3 Re8 28. g4 fxg4+ 29. Kxg4 Re2 30. Kf3 Rxc2 31. Ke3 Rb2 32. b4 Rxb4 33. Kd3 Rxa4 34. Kc3 Ra2 35. f3 Rxg2 36. Kd3 a5 37. Kc3 Rg3 38. Kb3 Rxf3+ 39. Ka4 Rf5 40. Ka3 g5 41. Ka4 g4 42. Ka3 g3 43. Ka4 g2 44. Ka3 g1=Q 45. Ka4 Qd4+ 46. Ka3 Rf3+ 47. Ka2 Qd2+ 48. Ka1 Rf1# 0-1

[Event "Play for Durgesh Fundraiser Blitz"]
[Site "Vishy Anand Arena"]
[Date "2020.09.19"]
[Round "4"]
[White "Ishaan31"]
[Black "Amalraj001"]
[Result "0-1"]
[WhiteElo "1146"]
[BlackElo "1617"]
[Annotator "NA"]
[PlyCount "42"]
[EventDate "2020.09.19"]
[EventType "swiss (blitz)"]

1. e4 c5 2. Nf3 d6 3. Bb5+ Bd7 4. Bxd7+ Nxd7 5. Nc3 g6 6. d3 Bg7 7. Bg5 Ngf6 8. Qd2 h6 9. Bh4 g5 10. Bg3 Nh5 11. Nd5 Nxg3 12. hxg3 e6 13. Nc3 a6 14. O-O-O b5 15. a3 Qa5 16. b4 cxb4 17. axb4 Qa1+ 18. Nb1 Rc8 19. c3 Rxc3+ 20. Qxc3 Bxc3 21. Kc2 Qb2# 0-1

[Event "Play for Durgesh Fundraiser Blitz"]
[Site "Vishy Anand Arena"]
[Date "2020.09.19"]
[Round "4"]
[White "Queenbee1"]
[Black "Thewinner64"]
[Result "0-1"]
[WhiteElo "929"]
[BlackElo "1267"]
[Annotator "NA"]
[PlyCount "50"]
[EventDate "2020.09.19"]
[EventType "swiss (blitz)"]

1. e4 c5 2. Nf3 g6 3. d4 cxd4 4. Nxd4 Bg7 5. Nc3 Nc6 6. Be3 Nf6 7. f3 O-O 8. Qd2 d5 9. Bb5 Nxd4 10. Bxd4 dxe4 11. Nxe4 Nxe4 12. fxe4 Qxd4 13. Qxd4 Bxd4 14. O-O-O Bg7 15. Rd3 Bg4 16. g3 a6 17. Ba4 b5 18. Bb3 a5 19. a3 b4 20. h3 Be2 21. Rd2 Bf3 22. Rd3 Bxh1 23. Rd1 Bxe4 24. Rf1 e6 25. Rf4 Bh6 0-1

[Event "Play for Durgesh Fundraiser Blitz"]
[Site "Vishy Anand Arena"]
[Date "2020.09.19"]
[Round "5"]
[White "Gk06"]
[Black "SHANKHADEEP2006"]
[Result "1-0"]
[WhiteElo "2512"]
[BlackElo "1801"]
[Annotator "NA"]
[PlyCount "83"]
[EventDate "2020.09.19"]
[EventType "swiss (blitz)"]

1. d4 Nf6 2. Nf3 d6 3. c4 c6 4. Nc3 g6 5. e4 Bg7 6. Be2 O-O 7. O-O d5 8. cxd5 cxd5 9. e5 Ne4 10. Bd3 Bf5 11. Re1 Nxc3 12. bxc3 Bxd3 13. Qxd3 Nc6 14. Bg5 Qd7 15. h4 h6 16. Bf4 e6 17. Rab1 Rab8 18. h5 Ne7 19. hxg6 fxg6 20. Bd2 Rf7 21. Nh2 Rbf8 22. Ng4 h5 23. Nh6+ Bxh6 24. Bxh6 Rc8 25. Bg5 Rf5 26. Bf6 Kh7 27. f3 Ng8 28. g4 hxg4 29. fxg4 Rf4 30. Qg3 g5 31. Bxg5 Rf7 32. Rf1 Rcf8 33. Qh4+ Kg7 34. Bf6+ Nxf6 35. exf6+ Rxf6 36. Qg5+ Rg6 37. Qe5+ Kg8 38. Rxf8+ Kxf8 39. Qh8+ Ke7 40. Qh7+ Kf6 41. Rf1+ Kg5 42. Qh5# 1-0

[Event "Play for Durgesh Fundraiser Blitz"]
[Site "Vishy Anand Arena"]
[Date "2020.09.19"]
[Round "5"]
[White "RACEKING"]
[Black "Carlashis"]
[Result "1-0"]
[WhiteElo "2420"]
[BlackElo "1994"]
[PlyCount "101"]
[EventDate "2020.09.19"]
[EventType "swiss (blitz)"]

1. d4 Nf6 2. c4 g6 3. Nc3 Bg7 4. e4 d6 5. Be2 O-O 6. Bg5 c6 7. Nf3 h6 8. Be3 Ng4 9. Bd2 e5 10. d5 cxd5 11. cxd5 f5 12. exf5 Bxf5 13. O-O Nd7 14. h3 Ngf6 15. Nh4 Nc5 16. Nxf5 gxf5 17. Rc1 a6 18. Be3 Rc8 19. b4 Nce4 20. Nxe4 Nxe4 21. Bd3 Nc3 22. Qh5 e4 23. Bb1 Nxb1 24. Rxc8 Qxc8 25. Rxb1 f4 26. Rc1 Qf5 27. Qxf5 Rxf5 28. Bd2 Kh7 29. Rc7 Rxd5 30. Bc3 Rg5 31. h4 Rg6 32. h5 Rg4 33. Rxb7 Rg5 34. a4 e3 35. fxe3 fxe3 36. Rxg7+ Rxg7 37. Bxg7 Kxg7 38. b5 e2 39. Kf2 axb5 40. axb5 Kf6 41. b6 d5 42. b7 Ke5 43. b8=Q+ Kd4 44. Kxe2 Kc4 45. Qc7+ Kd4 46. Qf4+ Kc5 47. Qxh6 d4 48. Kd3 Kd5 49. Qg5+ Ke6 50. Kxd4 Kd7 51. Qg6 1-0

[Event "Play for Durgesh Fundraiser Blitz"]
[Site "Vishy Anand Arena"]
[Date "2020.09.19"]
[Round "5"]
[White "Samudragupta"]
[Black "IndianKing97"]
[Result "0-1"]
[WhiteElo "2378"]
[BlackElo "2394"]
[Annotator "NA"]
[PlyCount "70"]
[EventDate "2020.09.19"]
[EventType "swiss (blitz)"]

1. d4 Nf6 2. Bf4 d5 3. e3 c5 4. c3 Nc6 5. Nd2 Bf5 6. Ngf3 e6 7. Qb3 Qc8 8. Nh4 c4 9. Qd1 b5 10. Nxf5 exf5 11. g3 Be7 12. Bg2 O-O 13. O-O a5 14. b3 Qe6 15. Bg5 Ne4 16. Nxe4 fxe4 17. Bxe7 Nxe7 18. bxc4 dxc4 19. Qb1 Nd5 20. Bxe4 Nxc3 21. Bxh7+ Kh8 22. Qc2 b4 23. Bf5 Qd5 24. Bh3 Rab8 25. a3 f5 26. axb4 axb4 27. Rfc1 g6 28. Bg2 Qd6 29. Qd2 Rfc8 30. Ra7 Nd5 31. Qa2 b3 32. Qa5 b2 33. Rb1 c3 34. Bxd5 c2 35. Ba2 c1=Q+ 0-1